00000000nas 2200000zi 4500
0019.920512
003CaOODSP
00520231129100508
006m     o  d f      
007cr |||||||||||
008230302c20169999qucar p o    f0###a0eng|d
022 |a2817-2353
040 |aCaOODSP|beng|erda|cCaOODSP
043 |an-cn---
0861 |aCH1-48E-PDF
1101 |aCanada. |bCanadian Heritage, |eauthor, |eissuing body.
222 0|aAnnex to the statement of management responsibility including internal control over financial reporting for the fiscal year ended ...
24510|aAnnex to the statement of management responsibility including internal control over financial reporting for the fiscal year ended ...
264 1|a[Gatineau, Québec] : |bCanadian Heritage, |c[2017]-
310 |aAnnual
336 |atext|btxt|2rdacontent
337 |acomputer|bc|2rdamedia
338 |aonline resource|bcr|2rdacarrier
3621 |aBegan with March 31, 2016.
500 |aIssued also in French under title: Annexe à la déclaration de responsabilité de la direction, y compris le contrôle interne en matière de rapports financiers pour l'exercice terminé le ...
588 |aDescription based on: 2021-2022.
588 |aLatest issue consulted: 2021-2022.
61010|aCanada. |bCanadian Heritage|vPeriodicals.
650 0|aFinance, Public|zCanada|vPeriodicals.
655 7|aPeriodicals|2lcgft
77508|tAnnexe à la déclaration de responsabilité de la direction, y compris le contrôle interne en matière de rapports financiers pour l'exercice terminé le ...|w(CaOODSP)9.920515